| 000 | 00425pab a2200133 454500 | ||
|---|---|---|---|
| 008 | 180718b xxu||||| |||| 00| 0 eng d | ||
| 100 | _aNandraj Sunil | ||
| 245 | _aBeyond the law and the Lord: quality of private health care | ||
| 362 | _a29(27), 2 Jul 1994, p.1680-685 | ||
| 650 | _a World Development Reprot, 1993 | ||
| 650 | _aMedical Care -- Legislation -- India | ||
| 773 | _aEconomic and Political Weekly | ||
| 909 | _a27445 | ||
| 999 |
_c27445 _d27445 |
||